Normal view
MARC view
- Manṣūrpūrī, Qāz̤ī Muḥammad Sulaimān Sulaimān
Entry Personal Name
001 - CONTROL NUMBER
- control field: 129692
003 - CONTROL NUMBER IDENTIFIER
- control field: NUST
005 - DATE AND TIME OF LATEST TRANSACTION
- control field: 20250711105045.0
008 - FIXED-LENGTH DATA ELEMENTS
- fixed length control field: 250711|| aca||aabn | a|a d
040 ## - CATALOGING SOURCE
- Original cataloging agency: NUST
- Transcribing agency: NUST
100 ## - HEADING--PERSONAL NAME
- Personal name: Manṣūrpūrī, Qāz̤ī Muḥammad Sulaimān Sulaimān
670 ## - SOURCE DATA FOUND
- Source citation: Work cat.: (NUST)614265: Manṣūrpūrī, Qāz̤ī Muḥammad Sulaimān Sulaimān , Raḥmatullil̒ālimīn : , [n.d.]
